El alcance de la invalidez de la actuacin̤ administrativa

Bibliographic Details
Main Author: Lp̤ez Ramn̤, Fernando
Other Authors: Villar Rojas, Francisco Još
Format: eBook
Language:Spanish
Published: Madrid: Instituto Nacional de Administracin̤ Pb︢lica (INAP), 2017
Subjects:
Online Access:Acceso restringido

MARC

LEADER 00000nam a22000007a 4500
005 20180406224349.0
007 cr|||| ||||
008 180406s2017 es |||||s|||| 00||0 spa d
020 |a 978-84-7351-589-4 
035 |a 21333 
040 |a vLex 
090 |c 7681  |d 7681 
100 1 |a Lp̤ez Ramn̤, Fernando 
245 1 2 |a El alcance de la invalidez de la actuacin̤ administrativa  |h [Recurso electrn̤ico] /  |c Fernando Lp̤ez Ramn̤, Francisco Jos ̌Villar Rojas 
256 |a Servicio en ln̕ea 
260 |a Madrid:  |b Instituto Nacional de Administracin̤ Pb︢lica (INAP),  |c 2017 
300 |a 1 recurso electrn̤ico 
506 1 |a Disponible solo en los productos indicados  |d vLex Global  |d vLex Global (Academic Edition, excluding Law Schools)  |d vLex Global (U.S. Academic Edition, Law Schools)  |d vLex Global (U.S. Academic Edition, excluding Law Schools)  |d vLex Global (Academic Edition, Law Schools) 
650 0 4 |a Derecho Pb︢lico y Administrativo  |z Espaą 
700 1 |a Villar Rojas, Francisco Još 
740 0 |a vLex Libros (Servicio en ln̕ea) 
856 4 0 |u http://vlex.com/source/alcance-de-la-invalidez-de-la-actuacion-administrativa-21333  |z Acceso restringido 
942 |c BOOK 
999 0 |a Public and Administrative Law